Humraaz (Record no. 31875)

MARC details
000 -LEADER
fixed length control field 02049ngm a2200373 4500
003 - CONTROL NUMBER IDENTIFIER
control field dpl
005 - DATE AND TIME OF LATEST TRANSACTION
control field 20091117141341.0
007 - PHYSICAL DESCRIPTION FIXED FIELD--GENERAL INFORMATION
fixed length control field DVD
008 - FIXED-LENGTH DATA ELEMENTS--GENERAL INFORMATION
fixed length control field ||||||sp199 xxu|||||c ||| 00| 0 ng d
010 ## - LIBRARY OF CONGRESS CONTROL NUMBER
LC control number DVD-004723-4727
024 ## - OTHER STANDARD IDENTIFIER
Terms of availability 45.00
035 ## - SYSTEM CONTROL NUMBER
System control number DVD-004723-4727
040 ## - CATALOGING SOURCE
Original cataloging agency DPL
Transcribing agency DPL
082 ## - DEWEY DECIMAL CLASSIFICATION NUMBER
Classification number DVD / HUMR
245 ## - TITLE STATEMENT
Title Humraaz
Statement of responsibility, etc Indus Video Pvt. Ltd. Presents
Medium [videorecording] DVD/
260 ## - PUBLICATION, DISTRIBUTION, ETC. (IMPRINT)
Name of publisher, distributor, etc Moserbaer Entertainment
300 ## - PHYSICAL DESCRIPTION
Extent 1 videodisc DVD;
Other physical details sd., col. ;
Dimensions 4 3/4 in.
Type of unit DVD
440 ## - SERIES STATEMENT/ADDED ENTRY--TITLE
Title Moserbaer Home Entertainment
500 ## - GENERAL NOTE
General note Moserbaer India Ltd. has obtained the necessary licence/conssent from the owner of the copyright in the wroks for making this DVD Film.
538 ## - SYSTEM DETAILS NOTE
System details note Dolby Digital 5.1 - Hindi Subtitles: English
650 ## - SUBJECT ADDED ENTRY--TOPICAL TERM
Topical term or geographic name as entry element Motion Picture
700 ## - ADDED ENTRY--PERSONAL NAME
Personal name Abbas Mastan
700 ## - ADDED ENTRY--PERSONAL NAME
Personal name Jain, Ganesh
700 ## - ADDED ENTRY--PERSONAL NAME
Personal name Deol, Bobby
700 ## - ADDED ENTRY--PERSONAL NAME
Personal name Khanna, Akshaye
700 ## - ADDED ENTRY--PERSONAL NAME
Personal name Patel Amisha
942 ## - ADDED ENTRY ELEMENTS (KOHA)
Koha item type CD-ROMs, DVDs, VHS
Source of classification or shelving scheme Dewey Decimal Classification
Classification part DVD
Call number suffix HUMR
Holdings
Withdrawn status Lost status Source of classification or shelving scheme Damaged status Not for loan Home library Current library Date acquired Source of acquisition Cost, normal purchase price Total Checkouts Full call number Barcode Date last seen Date checked out Copy number Cost, replacement price Price effective from Koha item type
    Dewey Decimal Classification     Janak Puri Janak Puri 17/11/2009 Pioneers/885/29-10-09/325/13-10-09 /06-11-09 45.00 4 DVD HUMR DVD-004723 03/04/2017 20/03/2017 1 45.00 17/11/2009 CD-ROMs, DVDs, VHS
    Dewey Decimal Classification     Karol Bagh Karol Bagh 17/11/2009 Pioneers/885/29-10-09/325/13-10-09 /06-11-09 45.00 7 DVD HUMR DVD-004726 17/07/2011 03/07/2011 1 45.00 17/11/2009 CD-ROMs, DVDs, VHS
    Dewey Decimal Classification     Narela Narela 17/11/2009 Pioneers/885/29-10-09/325/13-10-09 /06-11-09 45.00 3 DVD HUMR DVD-004727 03/10/2012 30/09/2012 1 45.00 17/11/2009 CD-ROMs, DVDs, VHS
    Dewey Decimal Classification     R.K.Puram-8 R.K.Puram-8 17/11/2009 Pioneers/885/29-10-09/325/13-10-09 /06-11-09 45.00   DVD HUMR DVD-004724 17/11/2009   1 45.00 17/11/2009 CD-ROMs, DVDs, VHS
    Dewey Decimal Classification     Vinoba Puri Vinoba Puri 17/11/2009 Pioneers/885/29-10-09/325/13-10-09 /06-11-09 45.00 1 DVD HUMR DVD-004725 01/10/2010 30/09/2010 1 45.00 17/11/2009 CD-ROMs, DVDs, VHS

© Delhi Public Library
Hit Counter
free hit counter